Najpopularniejsze Kolory Samochodów - Statystyki

Ogólne statystyki
  • Ten quiz został rozwiązany 1 872 razy
  • Średni wynik to 5 z 8
Statystyki odpowiedzi
Procent Kolor % Poprawnych
23% Czarny
98%
16% Biały
94%
8% Czerwony
91%
9% Niebieski
84%
13% Szary
63%
25% Srebrny
59%
4% Brązowy
16%
4% Beżowy
4%
Nie znaleziono quizów pasujących do podanych kryteriów
Rozkład punktacji
Procent ludzi z każdym wynikiem
Percentyl według liczby udzielonych odpowiedzi
Twoja historia wyników
Nie rozwiązałeś tego quizu